Kinh tế học cho kỹ sư kinh tế

Spremljeno u:
Bibliografski detalji
Glavni autor: Đinh Đăng Quang
Format: Knjiga
Izdano: Xây dựng 2001
Oznake: Dodaj oznaku
Bez oznaka, Budi prvi tko označuje ovaj zapis!
Thư viện lưu trữ: Mạng thư viện Đại học Đà Nẵng
LEADER 00558nam a2200229 a 4500
001 000029246
003 12163
005 20171030145630.0
008 171030s2001
020 |c 22000 
040 |a LTT 
082 0 |a 330.01  |b ĐI-Q 
100 1 |a Đinh Đăng Quang 
245 0 0 |a Kinh tế học cho kỹ sư kinh tế  |c Đinh Đăng Quang. 
260 |b Xây dựng  |c 2001 
OWN |a LTT 
999 |a From the UDN01 
TYP |a Monograph 
TYP |a Printed language 
980 |a Mạng thư viện Đại học Đà Nẵng